| 000 | 00493nam a22001697a 4500 | ||
|---|---|---|---|
| 999 |
_c27163 _d27163 |
||
| 003 | BDDh-ASL | ||
| 005 | 20231015030731.0 | ||
| 008 | 211026s1960 p ||||| |||| 00| 0 u d | ||
| 040 |
_aBDDh-ASL _cBDDh-ASL |
||
| 082 |
_a297.61 _bAZM |
||
| 100 | 1 |
_94139 _aAzad, Abul Kalam |
|
| 245 | 1 | 0 | _aMasala Khilafat : / مسئلہ خلافت |
| 260 |
_aLahore : _bHussain Manzil , _c1960. |
||
| 300 |
_a336 p. : _c19 cm. |
||
| 650 | 0 |
_94819 _aCaliphate _xIslam _xKhilafat _xHistory |
|
| 942 |
_2ddc _cBK |
||